01833 a2200313 45000010006000000050017000060080041000230030015000640400040000790800099001192450056002182640043002743000019003175050874003360410008012101000013012187000027012317000031012587000028012897000020013177000016013377000028013537000021013817000024014027000021014267000017014477000024014647000031014882522220260407155536.0260407a1979 arg spa dAR-UNSa-BCEJYS aAR-UNSa-BCEJYSbspacAR-UNSa-BCEJYS a519.22xTeoría estadística. Modelos estadísticos. Estadística matemática en general 10aEnsayos en homenaje al profesor José Barral Souto 1aBuenos Aires :bEdiciones Macchic1979 a223 p.c22 cm. a1. La regresión de estabilidad de la ecuación de diferencias de tercer orden - 2. Efectos de uns sistema generalizado de correción monetaria bajo dos tipos de inflación con dinero pasivo - 3. Breve historia de los estudios de matemática en la Facultad de ciencias económicas de Buenos Aires hasta 1973 - 4. Sobre el precio de Le Chatelier- Samuelson - 5. Las técnicas cuantitativas de la investigación operativa en el problema del dimensionamiento portuario - 6. Modelos de regresión para estimaciones estacionales - 7. Progreso teconológico sesgado y distribución del ingreso - 8. Sobre la teoría de las reservas precautorias - 9. La matemática y la ciencia del hombre - La medición de la mortalidad a partir de información recogida en una encuesta - 10. Modelos sobre perspectivas tendenciales del crecimiento de la economía argentina. aspa1 aAiub, A.1 aCanavese, Alfredo Juan1 aDe Cesare, Elías Alfredo1 aFernandez Pol, Jorge E.1 aMachado, E.A.M.1 aMentz, R.P.1 aElías, Víctor Jorge1 aMontuschi, Luisa1 aOlivera, Julio H.G.1 aSantalo, Luis A.1 aSomoza, J.L.1 aToranzos, Fausto I.1 aVázquez-Presedo, Vicente